000 01460pam a2200313 i 4500
001 883075
003 GBCCL
005 20251029131814.0
008 801202s1981 orua 001 0 eng
020 _a0930014464 :
_c$8.95
020 _a9780930014469
035 _a883075
040 _aDLC
_cDLC
_dDLC
082 0 0 _a253.7
_219
_bALD 1
100 1 _aAldrich, Joseph C.,
_d1940-
245 1 0 _aLife-style evangelism :
_bcrossing traditional boundaries to reach the unbelieving world /
_cJoseph C. Aldrich.
260 _aPortland, OR :
_bMultnomah Press,
_cc1981.
300 _a246 p. :
_bill. ;
_c23 cm.
336 _atext
_btxt
_2rdacontent
337 _aunmediated
_bn
_2rdamedia
338 _avolume
_bnc
_2rdacarrier
500 _aIncludes indexes.
505 _aEmbarking on a pilgrimage to beauty ; Christ's personal program of evangelism -- Characteristics of a good communicator ; Understanding the victim of the enemy -- Evangelism and the church member, part I ; Evangelism and the church member, part II -- Evangelism and the church body ; Evangelism and the church leadership -- Avoiding evil instead of its appearance ; Eating meat and evangelizing -- Your non-believing neighbor ; Sharing the words of the gospel.
650 0 _aEvangelistic work.
650 0 _aWitness bearing (Christianity)
906 _a7
_bcbc
_corignew
_du
_eocip
_f19
_gy-gencatlg
942 _2ddc
_cBK
_n0
999 _c10957
_d10957